000 00605cam a22002174a 4500
001 12119883
005 20180228035048.0
008 000726s2001 inua 000 0 eng
010 _a 00107207
020 _a1930546459
040 _aDLC
_cDLC
041 _aeng
042 _apcc
080 _a797 PAU
100 1 _a8
101 _aEKZ
245 1 0 _aWomen's basketball :
_cPaul Sanderford and Elizabeth Shoenfelt.
906 _a7
_bcbc
_corignew
_d3
_eepcn
_f20
_gy-gencatlg
942 _2ddc
_cBK
999 _c43683
_d43683